[Event "HEM 2006 S"]
[Site "Marburg"]
[Date "2006.04.11"]
[Round "4.1"]
[White "Czech, Ludwig"]
[Black "Escher, Helmut"]
[Result "1/2-1/2"]
[WhiteElo "2139"]
[BlackElo "2068"]
[PlyCount "83"]
[EventDate "2006.04.08"]
[EventType "swiss"]
[EventCountry "GER"]

1. c4 Nf6 2. g3 c6 3. Nf3 d5 4. b3 g6 5. Bb2 Bg7 6. Bg2 O-O 7. O-O b6 8. Qc2
Bb7 9. d3 c5 10. cxd5 Nxd5 11. Bxg7 Kxg7 12. Qb2+ Kg8 13. Ne5 Nd7 14. Nd2 Nxe5
15. Qxe5 Qd7 16. Nc4 f6 17. Qb2 e5 18. a3 Rac8 19. b4 Kg7 20. Rfc1 Rfd8 21. b5
Ne7 22. Bxb7 Qxb7 23. Ne3 Rd4 24. Rc4 Rcd8 25. Rac1 Nf5 26. Nxf5+ gxf5 27. Rxd4
Rxd4 28. Rc4 Rxc4 29. dxc4 Qe4 30. Qa2 h5 31. f3 Qd4+ 32. Kg2 f4 33. Qc2 fxg3
34. hxg3 h4 35. gxh4 Qxh4 36. e3 Qg5+ 37. Kf2 Qh4+ 38. Kg2 Qg5+ 39. Kf2 Qh4+
40. Kg2 Qg5+ 41. Kf2 Qh4+ 42. Kg2 1/2-1/2

[Event "HEM 2006 S"]
[Site "Marburg"]
[Date "2006.04.11"]
[Round "4.2"]
[White "Bittner, Friedrich"]
[Black "Böhm, Siegfried"]
[Result "1/2-1/2"]
[WhiteElo "2093"]
[BlackElo "2149"]
[PlyCount "66"]
[EventDate "2006.04.08"]
[EventType "swiss"]
[EventCountry "GER"]

1. e4 e6 2. d4 d5 3. Nd2 Nf6 4. e5 Nfd7 5. Bd3 c5 6. c3 Nc6 7. Ndf3 f6 8. exf6
Nxf6 9. Ne2 cxd4 10. cxd4 Bd6 11. O-O O-O 12. Bg5 e5 13. dxe5 Nxe5 14. Nxe5
Bxe5 15. Qd2 Bg4 16. f3 Be6 17. Kh1 Qd7 18. Bf4 Bxf4 19. Qxf4 Nh5 20. Qh4 g6
21. Qd4 Qg7 22. Qxg7+ Kxg7 23. Nd4 Bd7 24. g3 Rfe8 25. Rfe1 Kf6 26. Kg2 Rxe1
27. Rxe1 Re8 28. Rxe8 Bxe8 29. Kf2 Ke5 30. Ke3 h6 31. f4+ Kd6 32. Nf3 Ng7 33.
Ne5 g5 1/2-1/2

[Event "HEM 2006 S"]
[Site "Marburg"]
[Date "2006.04.11"]
[Round "4.3"]
[White "Claus, Jürgen"]
[Black "Homes, Helmut"]
[Result "1-0"]
[WhiteElo "2039"]
[BlackElo "2020"]
[PlyCount "61"]
[EventDate "2006.04.08"]
[EventType "swiss"]
[EventCountry "GER"]

1. d4 Nf6 2. c4 e5 3. dxe5 Ng4 4. Nf3 Bc5 5. e3 Nc6 6. Bd2 Ngxe5 7. Nxe5 Nxe5
8. Bc3 Qe7 9. Be2 O-O 10. O-O d6 11. Nd2 Be6 12. Re1 a5 13. a3 f6 14. Bd4 Nd7
15. Qc2 g6 16. Bf3 c6 17. Qc3 Ne5 18. Be2 Qf7 19. Rac1 Bxd4 20. exd4 Ng4 21.
Qg3 Nh6 22. Qxd6 Nf5 23. Qf4 Rad8 24. Nf3 g5 25. Qe4 Rfe8 26. d5 Bc8 27. Qd3
cxd5 28. cxd5 g4 29. Nd4 Rxd5 30. Nxf5 Rxf5 31. Rxc8 1-0

[Event "HEM 2006 S"]
[Site "Marburg"]
[Date "2006.04.11"]
[Round "4.4"]
[White "Haftmann, Rainer"]
[Black "Becker, Günter"]
[Result "1-0"]
[WhiteElo "1791"]
[BlackElo "1669"]
[PlyCount "129"]
[EventDate "2006.04.08"]
[EventType "swiss"]
[EventCountry "GER"]

1. e4 c6 2. d4 g6 3. Nf3 Bg7 4. Be3 d5 5. exd5 cxd5 6. Bb5+ Nc6 7. O-O Bg4 8.
h3 Bxf3 9. Qxf3 e6 10. c4 a6 11. cxd5 exd5 12. Bxc6+ bxc6 13. Nd2 Ne7 14. Nb3
O-O 15. Rac1 Qb6 16. Rc2 Rfe8 17. Rfc1 Rac8 18. g4 h6 19. Qd1 Rf8 20. Qd2 Kh7
21. Qa5 Rb8 22. Qc5 Rb7 23. Qxb6 Rxb6 24. Bf4 Rc8 25. Bd6 Ng8 26. Kg2 Nf6 27.
Be5 Ng8 28. Bxg7 Kxg7 29. Na5 Ne7 30. a3 Kf8 31. b4 Ke8 32. Re2 Kd7 33. Rce1
Re8 34. f4 Rbb8 35. Nb3 Kd6 36. Nc5 Rb6 37. Kf3 Rbb8 38. Re3 Ra8 39. Re5 Ra7
40. R1e3 Rb8 41. Re6+ fxe6 42. Rxe6+ Kc7 43. Rxe7+ Kb6 44. Na4+ Kb5 45. Rxa7
Kxa4 46. Rxa6+ Kb5 47. Ra5+ Kb6 48. Rc5 Re8 49. a4 Re4 50. b5 cxb5 51. Rxb5+
Kc6 52. Rb4 Re1 53. a5 Rf1+ 54. Kg3 h5 55. Rb6+ Kc7 56. Rxg6 h4+ 57. Kxh4 Rxf4
58. Rg7+ Kc6 59. a6 Rxd4 60. a7 Ra4 61. Kg3 Kc5 62. h4 Kc4 63. Rc7+ Kd3 64. h5
d4 65. h6 1-0

[Event "HEM 2006 S"]
[Site "Marburg"]
[Date "2006.04.11"]
[Round "4.6"]
[White "Schmieder, Wolfgang"]
[Black "Kicler, Jakob"]
[Result "1-0"]
[WhiteElo "1978"]
[BlackElo "1638"]
[PlyCount "115"]
[EventDate "2006.04.08"]
[EventType "swiss"]
[EventCountry "GER"]

1. c4 f5 2. Nc3 Nf6 3. d4 e6 4. Nf3 Be7 5. g3 b6 6. Bg2 Bb7 7. O-O O-O 8. b3 d5
9. cxd5 Nxd5 10. Bb2 Nd7 11. h3 Bf6 12. Re1 c5 13. Nxd5 Bxd5 14. Rc1 Rc8 15. e3
Qe7 16. Re2 Rc7 17. Ne5 Rfc8 18. Bxd5 exd5 19. Nxd7 Qxd7 20. dxc5 Bxb2 21. Rxb2
bxc5 22. Rd2 Rd8 23. Rc3 Qe6 24. Rcd3 Rcd7 25. Qc2 Rc8 26. b4 c4 27. Rd4 g6 28.
Qc3 Rcd8 29. Rd1 Qb6 30. Qb2 Qb5 31. Qc3 Re8 32. Kg2 Re4 33. R4d2 Qc6 34. f3
Ree7 35. Rd4 Qe6 36. Kf2 g5 37. Re1 Qf6 38. Qd2 Qf7 39. Rd1 Re5 40. f4 gxf4 41.
exf4 Ree7 42. Rxd5 Rxd5 43. Qxd5 Rc7 44. Qxf7+ Kxf7 45. Ke3 Ke6 46. Kd2 Kd5 47.
Kc3+ Ke6 48. Rd4 Kf6 49. Rxc4 Re7 50. Rc6+ Kg7 51. Kd4 Kf7 52. Kd5 Kg8 53. Kc5
Kg7 54. Kd6 Kf8 55. Kc5 Kg7 56. b5 Kf8 57. a4 Kg7 58. a5 1-0

[Event "HEM 2006 S"]
[Site "Marburg"]
[Date "2006.04.11"]
[Round "4.7"]
[White "Lübbers, Doris"]
[Black "Christ, Anton"]
[Result "0-1"]
[WhiteElo "1674"]
[BlackElo "1664"]
[PlyCount "80"]
[EventDate "2006.04.08"]
[EventType "swiss"]
[EventCountry "GER"]

1. d4 g6 2. Nf3 Bg7 3. e3 d6 4. Be2 Bg4 5. c4 Nc6 6. Nbd2 e5 7. dxe5 dxe5 8.
O-O f5 9. Ne1 Bxe2 10. Qxe2 e4 11. f3 Nf6 12. fxe4 fxe4 13. Nb3 O-O 14. Nc2 Qd3
15. Ncd4 Qxe2 16. Nxe2 Ne5 17. Nd2 Nfg4 18. Nxe4 Rxf1+ 19. Kxf1 Nxh2+ 20. Kg1
Nhg4 21. b3 Nxc4 22. Rb1 Ncxe3 23. Bxe3 Nxe3 24. Nd2 Rd8 25. Nf3 Rd1+ 26. Rxd1
Nxd1 27. Kf1 Nc3 28. Nxc3 Bxc3 29. Ke2 Kg7 30. g4 Kf6 31. Ke3 g5 32. Ke4 c6 33.
Nh2 Kg6 34. Nf3 h5 35. gxh5+ Kxh5 36. Nxg5 Kxg5 37. Kd3 Bb4 38. a4 a5 39. Kd4
Kf4 40. Kd3 Ke5 0-1

[Event "HEM 2006 S"]
[Site "Marburg"]
[Date "2006.04.11"]
[Round "4.8"]
[White "Behrendt, Wolfgang"]
[Black "Wohlfart, Karl-Heinz"]
[Result "1-0"]
[WhiteElo "1801"]
[BlackElo "1970"]
[PlyCount "97"]
[EventDate "2006.04.08"]
[EventType "swiss"]
[EventCountry "GER"]

1. e4 d6 2. d4 Nf6 3. Nc3 g6 4. f3 Bg7 5. Be3 c6 6. Qd2 b5 7. Bh6 Bxh6 8. Qxh6
Qc7 9. O-O-O a6 10. Bd3 Nbd7 11. Nh3 c5 12. dxc5 Nxc5 13. Nf4 Nxd3+ 14. Rxd3
Be6 15. Nxe6 fxe6 16. Ne2 Kf7 17. h4 Rac8 18. Rc3 Qa5 19. Rxc8 Rxc8 20. Kb1 Qc7
21. Rc1 Qc5 22. g4 Kg8 23. Nf4 Qe5 24. h5 g5 25. Nd3 Qg3 26. Qxg5+ Kh8 27. Qf4
Qg2 28. Qe3 e5 29. Ne1 Qg3 30. Qa7 Re8 31. Qxa6 b4 32. Qb5 Kg7 33. Qxb4 Qf4 34.
Qc3 Qg3 35. a4 Qf2 36. b3 Qg3 37. Qc4 Rd8 38. Kb2 Rd7 39. Qe2 d5 40. exd5 Rxd5
41. Nd3 Kf7 42. Re1 Nd7 43. f4 Rxd3 44. cxd3 Nc5 45. Ka3 e4 46. Qe3 Qxe3 47.
Rxe3 exd3 48. Re1 Ke8 49. Rd1 1-0

[Event "HEM 2006 S"]
[Site "Marburg"]
[Date "2006.04.11"]
[Round "4.9"]
[White "Hegner, Peter"]
[Black "Smits, Oswald"]
[Result "1/2-1/2"]
[WhiteElo "1645"]
[BlackElo "1905"]
[PlyCount "58"]
[EventDate "2006.04.08"]
[EventType "swiss"]
[EventCountry "GER"]

1. e4 c5 2. Nf3 d6 3. d4 cxd4 4. Nxd4 Nf6 5. Nc3 a6 6. Be2 b5 7. Bf3 e5 8. Nde2
Bb7 9. Bg5 Be7 10. Ng3 b4 11. Bxf6 Bxf6 12. Nd5 a5 13. O-O g6 14. Nxf6+ Qxf6
15. Qd2 O-O 16. Rfd1 Rd8 17. c3 bxc3 18. bxc3 Na6 19. Rab1 Nc5 20. Rb6 Ra6 21.
Rb2 Ba8 22. Rb5 Rc8 23. Rdb1 Qd8 24. h3 Bc6 25. R5b2 Na4 26. Rb3 Nc5 27. R3b2
Qc7 28. Be2 Ra7 29. f3 Na4 1/2-1/2

[Event "HEM 2006 S"]
[Site "Marburg"]
[Date "2006.04.11"]
[Round "4.10"]
[White "Ernst, Klaus"]
[Black "Weber, Siegfried"]
[Result "1/2-1/2"]
[WhiteElo "1596"]
[BlackElo "1758"]
[PlyCount "58"]
[EventDate "2006.04.08"]
[EventType "swiss"]
[EventCountry "GER"]

1. d4 d6 2. c4 Nd7 3. Nc3 g6 4. e4 Bg7 5. Bg5 Ngf6 6. Qd2 O-O 7. f3 c6 8. Nge2
Qa5 9. Ng3 e5 10. d5 cxd5 11. cxd5 a6 12. Be2 b5 13. O-O Bb7 14. a3 Rfc8 15. b4
Qd8 16. Rfc1 Nb6 17. Nd1 Rxc1 18. Rxc1 Rc8 19. Be3 Na4 20. Bd3 Nd7 21. Ne2 Rxc1
22. Nxc1 Qc8 23. Nb3 Bf6 24. Na5 Bd8 25. Nxb7 Qxb7 26. Nb2 Nxb2 27. Qxb2 Bb6
28. Qd2 Bxe3+ 29. Qxe3 Qb6 1/2-1/2

[Event "HEM 2006 S"]
[Site "Marburg"]
[Date "2006.04.11"]
[Round "4.11"]
[White "Brossette, Horst"]
[Black "Schmieder, Horst"]
[Result "0-1"]
[WhiteElo "1774"]
[BlackElo "1777"]
[PlyCount "84"]
[EventDate "2006.04.08"]
[EventType "swiss"]
[EventCountry "GER"]

1. d4 d5 2. c4 c6 3. Nf3 Nf6 4. Nc3 Bg4 5. e3 e6 6. h3 Bh5 7. g4 Bg6 8. Ne5 Bd6
9. Nxg6 hxg6 10. Bg2 g5 11. O-O Nbd7 12. Qe2 Qe7 13. Bd2 O-O-O 14. Rac1 Kb8 15.
cxd5 exd5 16. Rfe1 Rde8 17. Qd1 Ne4 18. Nxe4 dxe4 19. a3 Nb6 20. Qe2 Nd5 21. b4
a6 22. Qd1 Qe6 23. Rb1 f5 24. a4 Bc7 25. b5 cxb5 26. axb5 a5 27. Ra1 b6 28. Qe2
g6 29. Rec1 f4 30. f3 fxe3 31. Rc6 Qf7 32. Bxe3 exf3 33. Qxf3 Qxf3 34. Bxf3
Nxe3 35. Kf2 Rxh3 36. Rxc7 Kxc7 37. Rc1+ Kd8 38. Rc6 Rh2+ 39. Kg1 Rd2 40. Rd6+
Ke7 41. Rxb6 Nc4 42. Rxg6 Kf7 0-1

[Event "HEM 2006 S"]
[Site "Marburg"]
[Date "2006.04.11"]
[Round "5.1"]
[White "Böhm, Siegfried"]
[Black "Claus, Jürgen"]
[Result "0-1"]
[WhiteElo "2149"]
[BlackElo "2039"]
[PlyCount "82"]
[EventDate "2006.04.08"]
[EventType "swiss"]
[EventCountry "GER"]

1. d4 Nf6 2. Nf3 g6 3. Nbd2 d5 4. e3 Bg7 5. Bd3 O-O 6. O-O Nbd7 7. b3 e5 8.
dxe5 Ng4 9. Rb1 Ngxe5 10. Be2 Nxf3+ 11. Nxf3 Nf6 12. Bb2 c6 13. Qc1 Re8 14. Rd1
Qc7 15. b4 a6 16. h3 b5 17. Bd4 Ne4 18. c3 Bf5 19. Bxg7 Kxg7 20. Nd4 Nd6 21.
Ra1 Bd7 22. Bd3 Qd8 23. Re1 Qg5 24. Kh2 Qf6 25. Qc2 Rac8 26. Nb3 Rc7 27. Nc5
Bc8 28. Rad1 Rce7 29. Re2 Qe5+ 30. Kh1 Qh5 31. Ree1 Re5 32. Bf1 Bf5 33. Qe2 Qh6
34. Qf3 Be4 35. Nxe4 Nxe4 36. Rd3 Rf5 37. Qe2 Nxf2+ 38. Kg1 Nxd3 39. Qxd3 Rfe5
40. Kf2 Qh4+ 41. g3 Qf6+ 0-1

[Event "HEM 2006 S"]
[Site "Marburg"]
[Date "2006.04.11"]
[Round "5.3"]
[White "Escher, Helmut"]
[Black "Haftmann, Rainer"]
[Result "1-0"]
[WhiteElo "2068"]
[BlackElo "1791"]
[PlyCount "103"]
[EventDate "2006.04.08"]
[EventType "swiss"]
[EventCountry "GER"]

1. d4 Nf6 2. Nf3 e6 3. Bf4 d5 4. e3 c6 5. c3 Nbd7 6. Bd3 Be7 7. Nbd2 b6 8. Ne5
Bb7 9. h3 c5 10. O-O O-O 11. Rc1 Ne4 12. Ndf3 f6 13. Nxd7 Qxd7 14. Bxe4 dxe4
15. Nd2 cxd4 16. cxd4 Rac8 17. Qg4 f5 18. Qg3 Bf6 19. b3 Bd5 20. Be5 Kh8 21.
Nc4 Bxc4 22. Rxc4 Rxc4 23. bxc4 Rc8 24. Rc1 Rc6 25. c5 b5 26. Bd6 Bd8 27. Qf4
Bc7 28. Be5 Bxe5 29. Qxe5 Qc7 30. Qxc7 Rxc7 31. Rb1 a6 32. a4 g5 33. axb5 axb5
34. Rxb5 Kg7 35. g3 Kf6 36. Kg2 h5 37. Rb8 Kf7 38. Rh8 Kg6 39. Kf1 g4 40. Ra8
Kf7 41. Ke1 Ke7 42. Kd2 Kd7 43. Kc3 e5 44. Rf8 exd4+ 45. exd4 Ke6 46. Rh8 Kf6
47. Rf8+ Ke6 48. Kc4 Rd7 49. d5+ Rxd5 50. Re8+ Kd7 51. Kxd5 Kxe8 52. Ke5 1-0

[Event "HEM 2006 S"]
[Site "Marburg"]
[Date "2006.04.11"]
[Round "5.4"]
[White "Christ, Anton"]
[Black "Bittner, Friedrich"]
[Result "0-1"]
[WhiteElo "1664"]
[BlackElo "2093"]
[PlyCount "78"]
[EventDate "2006.04.08"]
[EventType "swiss"]
[EventCountry "GER"]

1. e4 e5 2. Nc3 Nf6 3. f4 d5 4. fxe5 Nxe4 5. Nxe4 dxe4 6. d4 exd3 7. Bxd3 Be6
8. Be3 Nc6 9. Nf3 Qd5 10. O-O Nxe5 11. Nxe5 Qxe5 12. Re1 Bd6 13. g3 O-O 14. Bf2
Qg5 15. Re4 Bc5 16. Qe2 Bxf2+ 17. Qxf2 Bd5 18. Rh4 g6 19. Re1 b6 20. c4 Bc6 21.
b4 Rae8 22. Rxe8 Rxe8 23. Qf4 Qe7 24. b5 Bb7 25. Qf2 c5 26. bxc6 Bxc6 27. Rd4
Qe5 28. Bf1 Kg7 29. Bg2 Bxg2 30. Kxg2 Re6 31. Rf4 f6 32. Rd4 Re7 33. Kf1 h5 34.
Kg2 Qe6 35. Kg1 Qc6 36. h4 Qe8 37. Qd2 Qc8 38. Rd6 Qxc4 39. Qd4 Re1+ 0-1

[Event "HEM 2006 S"]
[Site "Marburg"]
[Date "2006.04.11"]
[Round "5.5"]
[White "Homes, Helmut"]
[Black "Schmieder, Wolfgang"]
[Result "1/2-1/2"]
[WhiteElo "2020"]
[BlackElo "1978"]
[PlyCount "65"]
[EventDate "2006.04.08"]
[EventType "swiss"]
[EventCountry "GER"]

1. e4 c5 2. Nc3 d6 3. g3 Nf6 4. Bg2 g6 5. d3 Bg7 6. f4 Nc6 7. Nf3 a6 8. O-O b5
9. e5 Nh5 10. exd6 exd6 11. Re1+ Ne7 12. Nd5 Ra7 13. Qe2 Nf6 14. Nxe7 Rxe7 15.
Qf2 O-O 16. Rxe7 Qxe7 17. Bd2 Ng4 18. Qe1 Re8 19. Qxe7 Rxe7 20. c3 f5 21. h3
Nf6 22. a4 bxa4 23. Rxa4 Re2 24. Kf1 Re7 25. d4 Ne4 26. dxc5 Nxg3+ 27. Kg1 dxc5
28. Be1 Re4 29. Ra5 Ne2+ 30. Kf1 Nxf4 31. Rxc5 Bd7 32. Ng5 Nxg2 33. Kg1 1/2-1/2

[Event "HEM 2006 S"]
[Site "Marburg"]
[Date "2006.04.11"]
[Round "5.6"]
[White "Becker, Günter"]
[Black "Behrendt, Wolfgang"]
[Result "1/2-1/2"]
[WhiteElo "1669"]
[BlackElo "1801"]
[PlyCount "61"]
[EventDate "2006.04.08"]
[EventType "swiss"]
[EventCountry "GER"]

1. c4 c5 2. g3 g6 3. Bg2 Bg7 4. Nc3 Nc6 5. e4 Nf6 6. Nge2 O-O 7. O-O d6 8. h3
Bd7 9. d3 Qc8 10. Kh2 a6 11. Rb1 Rb8 12. Bg5 b5 13. Qd2 e6 14. g4 b4 15. Nd1
Qc7 16. f4 e5 17. fxe5 Ne8 18. Ne3 Bxe5+ 19. Kh1 f6 20. Nd5 Qd8 21. Bh6 Rf7 22.
Rf3 Nd4 23. Nxd4 Bxd4 24. Rbf1 Be6 25. Nf4 Bc8 26. Ne2 Be5 27. d4 cxd4 28. Nxd4
Bd7 29. b3 a5 30. Bf4 Kg7 31. Bh6+ 1/2-1/2

[Event "HEM 2006 S"]
[Site "Marburg"]
[Date "2006.04.11"]
[Round "5.7"]
[White "Smits, Oswald"]
[Black "Roth, Reinhard"]
[Result "1-0"]
[WhiteElo "1905"]
[BlackElo "1980"]
[PlyCount "129"]
[EventDate "2006.04.08"]
[EventType "swiss"]
[EventCountry "GER"]

1. d4 Nf6 2. Nf3 d5 3. e3 Bf5 4. Nbd2 e6 5. c4 c6 6. cxd5 exd5 7. h3 h5 8. Be2
Nbd7 9. Nh4 Be6 10. Bd3 Ne4 11. Nhf3 Bf5 12. Qc2 Bb4 13. a3 Qa5 14. O-O Bxd2
15. Nxd2 Ndf6 16. Nb3 Qc7 17. f3 Ng3 18. Bxf5 Nxf1 19. Kxf1 Qh2 20. Qf2 g6 21.
Bd3 h4 22. Bd2 Nh5 23. Ke2 O-O-O 24. Kd1 Kb8 25. Kc2 Ng7 26. Qe1 Qc7 27. Rc1
Ne6 28. Kb1 Rc8 29. Rc2 f5 30. Qc1 Rhf8 31. Ba5 Qg3 32. Be1 Qg5 33. Re2 Qf6 34.
Nc5 Nxc5 35. Qxc5 Rfe8 36. Qb4 Ka8 37. Bf2 Qg5 38. Bg1 Qf6 39. Qe1 Re6 40. Bh2
g5 41. Be5 Qf7 42. Rf2 c5 43. f4 c4 44. Bc2 g4 45. hxg4 fxg4 46. Qh1 g3 47. Rf3
Rb6 48. Qh3 Qe8 49. Ka2 Qc6 50. Ba4 Rxb2+ 51. Kxb2 b5 52. Bc2 c3+ 53. Kc1 Qa6
54. Kd1 Qc6 55. e4 Kb7 56. Qf5 Kb6 57. Qf6 a5 58. exd5 Qxf6 59. Bxf6 b4 60.
axb4 axb4 61. d6 Kc6 62. d7 Rf8 63. d8=Q Rxd8 64. Bxd8 h3 65. gxh3 1-0

[Event "HEM 2006 S"]
[Site "Marburg"]
[Date "2006.04.11"]
[Round "5.8"]
[White "Weber, Siegfried"]
[Black "Hegner, Peter"]
[Result "1/2-1/2"]
[WhiteElo "1758"]
[BlackElo "1645"]
[PlyCount "91"]
[EventDate "2006.04.08"]
[EventType "swiss"]
[EventCountry "GER"]

1. e4 e5 2. Nf3 Nc6 3. Bc4 Bc5 4. c3 Nf6 5. d4 exd4 6. cxd4 Bb4+ 7. Bd2 Bxd2+
8. Nbxd2 d5 9. exd5 Nxd5 10. Qb3 Nce7 11. O-O O-O 12. Rfe1 c6 13. a4 Nb6 14.
Bd3 h6 15. h3 Be6 16. Qd1 Qc7 17. Nb3 Rad8 18. Nc5 Bd5 19. Be4 Bxe4 20. Rxe4
Nf5 21. Qd3 Nd7 22. Qc3 Nb6 23. Rae1 Nd5 24. Qc2 Nd6 25. Re5 b6 26. Nb3 Qd7 27.
Nbd2 Rde8 28. Rxe8 Rxe8 29. Rxe8+ Qxe8 30. Nc4 Nxc4 31. Qxc4 f6 32. Qc2 Qe6 33.
Qc4 a5 34. Qa6 Kh7 35. Qb7 h5 36. Qa7 Kh6 37. Qb8 g5 38. Kh2 Kg6 39. Qf8 Qf7
40. Qc8 Qc7+ 41. Qxc7 Nxc7 42. g4 hxg4 43. hxg4 f5 44. Ne5+ Kf6 45. Nxc6 fxg4
46. Kg3 1/2-1/2

[Event "HEM 2006 S"]
[Site "Marburg"]
[Date "2006.04.11"]
[Round "5.9"]
[White "Kicler, Jakob"]
[Black "Ernst, Klaus"]
[Result "1-0"]
[WhiteElo "1638"]
[BlackElo "1596"]
[PlyCount "115"]
[EventDate "2006.04.08"]
[EventType "swiss"]
[EventCountry "GER"]

1. e4 c5 2. Nf3 a6 3. d4 cxd4 4. Nxd4 e5 5. Nf3 Nf6 6. Bd3 Be7 7. O-O d6 8. Nc3
O-O 9. h3 Nbd7 10. Be3 b5 11. Nd5 Bb7 12. Nxe7+ Qxe7 13. Nd2 Rac8 14. Bg5 h6
15. Bh4 Qe6 16. Re1 Nc5 17. b3 Nxd3 18. cxd3 Rc3 19. Qf3 Nh7 20. b4 f5 21. exf5
Bxf3 22. fxe6 Bh5 23. d4 exd4 24. Be7 Re8 25. Bxd6 Rc6 26. Bc5 Rcxe6 27. Rxe6
Rxe6 28. Bxd4 Rd6 29. Be3 Rc6 30. g4 Bg6 31. Nf3 Rc2 32. Ne5 Bf7 33. a4 bxa4
34. Rxa4 Rb2 35. Nxf7 Kxf7 36. Bc5 Ng5 37. Kg2 Rb3 38. h4 Ne6 39. Bd6 g5 40. h5
Nd4 41. Rxa6 Nc2 42. Bc5 Kg7 43. Ra7+ Kg8 44. Ra8+ Kg7 45. Rb8 Rc3 46. Bd6 Rc4
47. f3 Ne3+ 48. Kf2 Nd5 49. Be5+ Kf7 50. b5 Rb4 51. Bd6 Rb2+ 52. Ke1 Rb3 53.
Kd2 Rxf3 54. Rf8+ Ke6 55. Rxf3 Kxd6 56. Kd3 Nf4+ 57. Rxf4 gxf4 58. g5 1-0

[Event "HEM 2006 S"]
[Site "Marburg"]
[Date "2006.04.11"]
[Round "5.10"]
[White "Schmieder, Horst"]
[Black "Lübbers, Doris"]
[Result "1/2-1/2"]
[WhiteElo "1777"]
[BlackElo "1674"]
[PlyCount "79"]
[EventDate "2006.04.08"]
[EventType "swiss"]
[EventCountry "GER"]

1. d4 d5 2. Nf3 Nf6 3. e3 e6 4. c4 b6 5. Nc3 Bb7 6. Be2 c5 7. O-O Be7 8. Re1
O-O 9. b3 Nbd7 10. Bb2 cxd4 11. Nxd4 Rc8 12. Rc1 a6 13. Bd3 Nc5 14. cxd5 Nxd3
15. Qxd3 exd5 16. Nce2 b5 17. Rxc8 Qxc8 18. Rc1 Qd7 19. Ng3 g6 20. Nde2 Rc8 21.
Nf4 Rxc1+ 22. Bxc1 Qd8 23. Bb2 Ne4 24. Nxe4 dxe4 25. Qc2 Qc8 26. Qxc8+ Bxc8 27.
Nd5 Kf8 28. Bf6 Bd6 29. Bg5 f5 30. h4 h5 31. Bf4 Be7 32. g3 Kf7 33. Kf1 Bb7 34.
Nc3 Bb4 35. Nb1 Be7 36. Ke2 Bc5 37. a3 Be7 38. b4 Bf6 39. Kd2 Bd5 40. Nc3
1/2-1/2

[Event "HEM 2006 S"]
[Site "Marburg"]
[Date "2006.04.11"]
[Round "5.11"]
[White "Wohlfart, Karl-Heinz"]
[Black "Brossette, Horst"]
[Result "1-0"]
[WhiteElo "1970"]
[BlackElo "1774"]
[PlyCount "95"]
[EventDate "2006.04.08"]
[EventType "swiss"]
[EventCountry "GER"]

1. Nf3 Nf6 2. g3 g6 3. Bg2 Bg7 4. O-O c6 5. d3 d5 6. Nbd2 O-O 7. e4 dxe4 8.
dxe4 Bg4 9. h3 Bxf3 10. Qxf3 Nbd7 11. a4 Rc8 12. Qb3 b6 13. Re1 Nc5 14. Qe3 e5
15. a5 Ne6 16. c3 c5 17. Nc4 Qc7 18. axb6 axb6 19. Ra6 Nd7 20. Qe2 Ra8 21. Ne3
Qb7 22. Rxa8 Qxa8 23. Nd5 Kh8 24. h4 Qa7 25. Qb5 Qb7 26. Rd1 Ra8 27. Be3 Ra5
28. Qd3 b5 29. Qd2 Ra8 30. b4 cxb4 31. cxb4 Nd4 32. Qd3 Rc8 33. Ra1 Nc2 34. Ra7
Qc6 35. Bd2 Qe6 36. Qxb5 Nf6 37. Ne7 Nd4 38. Qb7 Rf8 39. Nd5 Ne2+ 40. Kf1 Nd4
41. f3 Nh5 42. Kf2 f5 43. Bh3 Qe8 44. Bh6 Ne6 45. Bxg7+ Nhxg7 46. exf5 gxf5 47.
Bxf5 Qh5 48. Be4 1-0

[Event "HEM 2006 S"]
[Site "Marburg"]
[Date "2006.04.12"]
[Round "6.1"]
[White "Claus, Jürgen"]
[Black "Escher, Helmut"]
[Result "1/2-1/2"]
[WhiteElo "2039"]
[BlackElo "2068"]
[PlyCount "35"]
[EventDate "2006.04.08"]
[EventType "swiss"]
[EventCountry "GER"]

1. d4 Nf6 2. c4 g6 3. Nc3 d5 4. cxd5 Nxd5 5. e4 Nxc3 6. bxc3 c5 7. Be3 Bg7 8.
Bc4 O-O 9. Ne2 cxd4 10. cxd4 Nc6 11. O-O Na5 12. Bd3 b6 13. Rc1 Bb7 14. d5 Rc8
15. Qd2 Qd7 16. Rfd1 Rxc1 17. Rxc1 Rc8 18. Rxc8+ 1/2-1/2

[Event "HEM 2006 S"]
[Site "Marburg"]
[Date "2006.04.12"]
[Round "6.2"]
[White "Czech, Ludwig"]
[Black "Bittner, Friedrich"]
[Result "1/2-1/2"]
[WhiteElo "2139"]
[BlackElo "2093"]
[PlyCount "114"]
[EventDate "2006.04.08"]
[EventType "swiss"]
[EventCountry "GER"]

1. c4 e5 2. g3 Nc6 3. Bg2 Nge7 4. Nc3 d6 5. d3 Be6 6. b4 Qd7 7. b5 Nd8 8. a4 c6
9. Ba3 d5 10. bxc6 bxc6 11. cxd5 cxd5 12. Nf3 f6 13. d4 e4 14. Nd2 Nc8 15. Bxf8
Kxf8 16. Nb3 g6 17. Nc5 Qf7 18. Qb3 Ne7 19. Nb5 Nf5 20. e3 Rb8 21. Qa2 Nc6 22.
Nc7 Ng7 23. N5xe6+ Nxe6 24. Nxd5 f5 25. Nf4 Nxf4 26. Qxf7+ Kxf7 27. gxf4 Rhc8
28. O-O Nb4 29. Rfc1 a5 30. Bf1 h6 31. h4 Kf6 32. Be2 g5 33. hxg5+ hxg5 34.
fxg5+ Kxg5 35. Bc4 f4 36. Be6 Rxc1+ 37. Rxc1 Nd3 38. Rf1 f3 39. Bc4 Nb4 40. Bb5
Rc8 41. Kh2 Kh4 42. Bd7 Rc2 43. Bf5 Nd5 44. Bxe4 Nxe3 45. Bxc2 Nxf1+ 46. Kg1
Nd2 47. d5 Nc4 48. Bb3 Nd6 49. Kf1 Kg4 50. Ke1 Kf4 51. Kd2 Ne4+ 52. Ke1 Ke5 53.
Bd1 Nc3 54. Bb3 Ne4 55. Bd1 Nc3 56. Bxf3 Nxa4 57. Kd2 Nb6 1/2-1/2

[Event "HEM 2006 S"]
[Site "Marburg"]
[Date "2006.04.12"]
[Round "6.4"]
[White "Haftmann, Rainer"]
[Black "Böhm, Siegfried"]
[Result "1-0"]
[WhiteElo "1791"]
[BlackElo "2149"]
[PlyCount "72"]
[EventDate "2006.04.08"]
[EventType "swiss"]
[EventCountry "GER"]

1. e4 c5 2. Nf3 Nc6 3. d4 cxd4 4. Nxd4 Qb6 5. Nb3 Nf6 6. Nc3 d6 7. a3 a6 8. Be3
Qc7 9. Be2 e6 10. O-O Be7 11. f4 O-O 12. Qe1 b5 13. Rd1 Bb7 14. Bf3 Rac8 15.
Qg3 b4 16. axb4 Nxb4 17. Rd2 d5 18. e5 Ne4 19. Bxe4 dxe4 20. f5 exf5 21. Rxf5
Qc6 22. Na5 Qe6 23. Rdf2 Ba8 24. Qh3 Bc5 25. Bxc5 Rxc5 26. Rxf7 Qxf7 27. Rxf7
Rxf7 28. e6 Re7 29. Nb3 Rc8 30. Nd4 Rd8 31. Qh4 Ree8 32. Qf4 Re7 33. Qg5 Ree8
34. Nf5 g6 35. Nh6+ Kg7 36. Ng4 Rb8 1-0

[Event "HEM 2006 S"]
[Site "Marburg"]
[Date "2006.04.12"]
[Round "6.5"]
[White "Becker, Günter"]
[Black "Homes, Helmut"]
[Result "1/2-1/2"]
[WhiteElo "1669"]
[BlackElo "2020"]
[PlyCount "56"]
[EventDate "2006.04.08"]
[EventType "swiss"]
[EventCountry "GER"]

1. c4 c5 2. g3 g6 3. Bg2 Bg7 4. Nc3 Nc6 5. d3 d6 6. e4 Nf6 7. Nge2 O-O 8. O-O
Rb8 9. h3 Bd7 10. Be3 a6 11. Qd2 b5 12. Rab1 Ne5 13. f4 Nc6 14. g4 e6 15. Ng3
Qc8 16. Kh2 Qc7 17. g5 Ne8 18. b3 f6 19. f5 fxg5 20. fxe6 Bxe6 21. Rxf8+ Kxf8
22. Bxg5 Kg8 23. Rf1 Be5 24. Nd5 Bxd5 25. exd5 Nd4 26. Be4 Ng7 27. Kg2 Qd7 28.
Bf6 Bxf6 1/2-1/2

[Event "HEM 2006 S"]
[Site "Marburg"]
[Date "2006.04.12"]
[Round "6.6"]
[White "Smits, Oswald"]
[Black "Christ, Anton"]
[Result "1-0"]
[WhiteElo "1905"]
[BlackElo "1664"]
[PlyCount "104"]
[EventDate "2006.04.08"]
[EventType "swiss"]
[EventCountry "GER"]

1. d4 g6 2. c4 d6 3. e4 Bg7 4. Nf3 Bg4 5. Be3 Nc6 6. Be2 Bxf3 7. Bxf3 e5 8. d5
Nd4 9. Qa4+ Qd7 10. Qxd7+ Kxd7 11. Bxd4 exd4 12. Bg4+ Ke7 13. Nd2 c5 14. dxc6
bxc6 15. Rb1 a5 16. O-O h5 17. Be2 Bh6 18. Nb3 a4 19. Nxd4 Nf6 20. Bf3 Ra6 21.
e5 dxe5 22. Nxc6+ Ke6 23. Rfe1 e4 24. Bxe4 Nxe4 25. Rxe4+ Kf5 26. Re5+ Kf6 27.
Rc5 Rc8 28. Nb4 Rxc5 29. Nxa6 Rxc4 30. Kf1 Bf8 31. Nb8 Rc7 32. Rd1 Ke7 33. Na6
Rc2 34. Rd4 a3 35. bxa3 Rxa2 36. a4 Ke6 37. Nc7+ Ke5 38. Rc4 Bd6 39. Nb5 f5 40.
f4+ Ke6 41. Rc6 Rd2 42. Rxd6+ Rxd6 43. Nxd6 Kxd6 44. Ke2 h4 45. h3 Kc5 46. Kd3
Kb4 47. Kd4 Kxa4 48. Ke5 Kb4 49. Kf6 Kc4 50. Kxg6 Kd4 51. Kxf5 Ke3 52. Kg5 Ke4
1-0